Justificación de la filosofía
Gorde:
| Egile nagusia: | |
|---|---|
| Formatua: | Liburua |
| Hizkuntza: | Spanish |
| Argitaratua: |
Madrid, España
Taurus Ediciones
1964
|
| Gaiak: | |
| Etiketak: |
Etiketa erantsi
Etiketarik gabe, Izan zaitez lehena erregistro honi etiketa jartzen!
|
MARC
| LEADER | 00000nam a22000007a 4500 | ||
|---|---|---|---|
| 008 | 180925b xxu||||| |||| 00| 0 spa d | ||
| 040 | |a cru BVZT | ||
| 090 | |a 100 A-4.1j | ||
| 100 | |a Adorno, Theodor W. | ||
| 245 | |a Justificación de la filosofía |c Theodor W. Adorno; F. Jesús Aguirre, traductor | ||
| 260 | |a Madrid, España |b Taurus Ediciones |c 1964 | ||
| 300 | |a 69 páginas | ||
| 650 | |a FILOSOFÍA |9 5 | ||
| 650 | |a EN IDIOMA ESPAÑOL | ||
| 650 | |a JUSTIFICACIÓN DE LA FILOSOFÍA | ||
| 999 | |c 30601 |d 30601 | ||
| 942 | |c LIB |h 100 A-4.1j |2 z | ||
